Sports Quiz

Random Sports or MLB Quiz

MLB National League MVPs (1980s) Quiz Stats

 Plays Quiz Updated Apr 19, 2021

Support Sporcle.
Go Orange.
Score 0/10 Timer 04:00
0 Plays Today
Hint Answer % Correct
1980Mike Schmidt
98.1%
1981Mike Schmidt
98.1%
1986Mike Schmidt
98.1%
1984Ryne Sandberg
88.4%
1988Kirk Gibson
84.8%
1987Andre Dawson
83.7%
1982Dale Murphy
75.9%
1983Dale Murphy
75.9%
1989Kevin Mitchell
59.8%
1985Willie McGee
59.8%

You're not logged in!

Compare scores with friends on all Sporcle quizzes.
OR
Log In

From the Vault

Flag Color Click: United Kingdom

by Scuadrado

Poor Wales, they don't get any recognition in the Union Jack.
Remove Ads.
Support Sporcle.
Get the best of Sporcle when you Go Orange. This ad-free experience offers more features, more stats, and more fun while also helping to support Sporcle. Thank you for becoming a member.

Show Comments

Extras

Top Quizzes Today


Score Distribution

Your Account Isn't Verified!

In order to create a playlist on Sporcle, you need to verify the email address you used during registration. Go to your Sporcle Settings to finish the process.

Report this User

Report this user for behavior that violates our Community Guidelines.

Details: